000
00317nam a22001337a 4500
020
_a
0-7214-0881-0
082
_a
823
_b
AWD/T
100
_a
AWDRY, W
245
_a
THOMAS GOES FISHING JAMES & THE TROUBLEN TRUCKS
260
_a
ENGLAND
_b
LADY BIRD
300
_a
43
650
_a
ENGLISH SHORT STORY
_z
ENGLAND
942
_c
BK
999
_c
2243
_d
2243